000 00573nam a2200241Ia 4500
003 OSt
005 20221005130853.0
006 a|||||r|||| 00| 0
007 ta
008 221004b |||||||| |||| 00| 0 eng d
024 _a48883
037 _cTextual
040 _aCRL
_cCRL
_beng
041 _2eng
_aeng
082 _aP15, K1
100 _aWilson H H
245 0 _aSanskrit language
260 _c1961
490 _aChowkhamba Sanskrit Series,11
650 _aLINGUISTICS
942 _hP15, K1
_cTEXL
_2cc
999 _c1058650
_d1058650